Nad Moskvou veje vlajka nádeje ; Michail Gorbačov, Ronald Regan

Bibliographic Details
Format: Article
Language:Slovak
Subjects:

MARC

LEADER 00000nab a2200000 a 4500
001 vtls000321021
003 SK-MaSNL
005 20260303043033.0
008 111201c1988 xo 0 slo
015 |a SNBRB19rr/mm-uuuuu 
035 |a CL0321143 
040 |a SNKBUCL  |b slo  |c SNKBUCL  |e AACR2 
041 0 |a slo 
044 |a xo  |c SK 
080 |a 327(100-11)(47:73)  |2 1981 
080 |a 327(100-19)(73:47  |2 1981 
245 0 0 |a Nad Moskvou veje vlajka nádeje ; Michail Gorbačov, Ronald Regan 
650 0 7 |a zahraničná politika  |2 snkbucl  |9 971 
651 7 |a Sovietsky zväz  |2 snkbucl  |9 22126 
655 7 |a články z novín a časopisov  |2 snkbucl  |9 267496 
773 0 |t Pravda  |g Roč. 69, č. 123 (27. 5. 1988), s. 1 
850 |a Slovenská národná knižnica v Martine  |a MTA001 
852 |a SNK  |b KIS3GCP 
958 |a RK 
958 |a SU 
992 |a RBX 
999 |c 1695113  |d 1697043